| 000 | 00750nas a2200265 4500 | ||
|---|---|---|---|
| 001 | BR0102561 | ||
| 003 | BR-BrBNA | ||
| 005 | 20231205102251.0 | ||
| 007 | ta | ||
| 008 | 230509b bl.|||p| |||| 00| 00por d | ||
| 040 |
_aBR-BrBNA _bpor _cBiblioteca Nacional de Agricultura |
||
| 041 | _a(Pt) | ||
| 072 | _aL73 | ||
| 100 | 1 | _aBarcellos, D.E.S.N. | |
| 245 | 1 | _aColite espiroquetal em suinos: uma doenca emergente | |
| 650 | _aSUÍNO | ||
| 650 | _aColite | ||
| 650 | _aDiagnostico | ||
| 650 | _aEpidemiologia | ||
| 650 | _aPatogenicidade | ||
| 650 | _aVeterinaria | ||
| 773 | 0 |
_tHora Veterinaria (Brazil) _xISSN 0101-9163 _g(Sep-Oct 2000), v. 20(117) p. 71-76 _wBR0102561 |
|
| 909 |
_a202311 _bLúcia _c55 _dLúcia Elande |
||
| 942 |
_2AGRIS _n0 _cANA |
||
| 999 |
_c166665 _d166665 |
||